Emergence, Performance and World Market Impact of State Mining Companies in Developing Countries <A> State-Of-the-Art Review

Salvato in:
Dettagli Bibliografici
Autore principale: Dobozi, István
Natura: Libro
Lingua:inglese
Pubblicazione: Budapest Institute for World Economy 1987
Edizione:1. ed.
Tags: Aggiungi Tag
Nessun Tag, puoi essere il primo ad aggiungerne!!

MARC

LEADER 00000nam a2200000 4500
001 c032558
005 20221219115751.7
041 0 |a eng 
044 |a HU 
245 1 0 |a Emergence, Performance and World Market Impact of State Mining Companies in Developing Countries  |b <A> State-Of-the-Art Review  |c István Dobozi 
250 |a 1. ed. 
264 1 |a Budapest  |b Institute for World Economy  |c 1987 
300 |a 33 s. 
100 1 |a Dobozi, István